Ce club a t-il gagné ce trophée? - Statistiques

Statistiques générales
  • Ce quiz a été pris 70 fois
  • Le résultat moyen est 41 sur 84
Statistiques - réponses
Question Tuile Select % Correct
Ligue 1 ESTAC Troyes Non
97%
Ligue 1 PSG Oui
95%
Ligue 1 FC Lorient Non
92%
Ligue 1 FC Metz Non
82%
Ligue 1 Paris FC Non
80%
Ligue 1 RC Lens Oui
74%
Ligue 1 Toulouse FC Non
74%
Ligue 1 Stade Rennais Non
73%
Serie A Cremonese Non
70%
Ligue anglaise Watford FC Non
68%
Ligue anglaise Charlton Athletic Non
67%
Ligue anglaise Bristol City Non
65%
LaLiga Deportivo Alavés Non
65%
Ligue des champions Atletico de Madrid Non
64%
Ligue des champions FC Galatasaray Non
62%
LaLiga Osasuna Non
62%
LaLiga Rayo Vallecano Non
62%
Serie A Spezia Calcio Non
62%
Ligue 1 Stade de Reims Oui
62%
Serie A US Lecce Non
62%
Ligue anglaise Cardiff City Non
61%
Ligue des champions Dynamo Kiev Non
61%
Serie A Empoli FC Non
61%
Ligue Allemande FC Heideneim Non
61%
Ligue des champions Olympiakos Non
61%
LaLiga RCD Majorque Non
61%
LaLiga Getafe Non
59%
Ligue des champions FC Arsenal Non
58%
Ligue des champions FC Séville Non
58%
Ligue anglaise Leeds United Oui
58%
Ligue Europa Olympique de Marseille Non
58%
Ligue Allemande FC Augsbourg Non
56%
Ligue 1 FC Sochaux Oui
56%
Ligue Allemande Eintracht Francfort Oui
55%
LaLiga Espanyol Barcelone Non
55%
Ligue des champions FC Naples Non
55%
Ligue des champions PSV Eindhoven Oui
55%
Ligue Europa Leicester City Non
52%
LaLiga Séville FC Oui
52%
Serie A Udinese Calcio Non
52%
Ligue Europa Manchester City Non
50%
Ligue anglaise Southampton FC Non
50%
Ligue Europa Ajax Amsterdam Oui
48%
Ligue anglaise Tottenham Hotspur Oui
48%
LaLiga Celta Vigo Non
47%
Ligue Allemande FSV Mayence 05 Non
47%
Ligue 1 RC Strasbourg Alsace Oui
47%
Ligue Allemande SC Fribourg Non
47%
Ligue des champions Aston Villa Oui
45%
Ligue 1 FC Sète Oui
45%
Serie A Torino FC Oui
45%
Ligue Allemande TSG Hoffenheim Non
45%
Serie A Bologne FC Oui
44%
Ligue des champions Celtic Glasgow Oui
44%
LaLiga Deportivo La Corogne Oui
44%
Ligue anglaise Queens Park Rangers Non
42%
Ligue des champions Steaua Bucarest Oui
42%
Ligue des champions Feyenoord Rotterdam Oui
41%
Ligue Allemande Union Berlin Non
41%
Ligue Allemande FC Cologne Oui
39%
Serie A Parma Calcio Non
39%
Ligue Europa Real Madrid Oui
39%
LaLiga Real Sociedad Oui
38%
Serie A Genoa CFC Oui
36%
LaLiga Villareal FC Non
36%
Ligue Europa Galatasaray Oui
33%
LaLiga Real Betis Oui
33%
Ligue anglaise Derby County Oui
32%
Serie A UC Sampdoria Oui
32%
Ligue Europa FC Barcelone Non
30%
Ligue Allemande FC Nuremberg Oui
29%
Ligue Allemande Herta Berlin Oui
29%
Ligue anglaise Wolverhampton Wanderers Oui
29%
Ligue Europa RSC Anderlecht Oui
26%
Ligue Europa Borussia Dortmund Non
24%
Serie A Cagliari Calcio Oui
24%
Ligue Europa Parma Calcio Oui
23%
Ligue Europa SL Benfica Non
23%
Ligue Allemande Hanovre 96 Oui
17%
Ligue anglaise Preston North End Oui
17%
Ligue anglaise Ipswich Town Oui
14%
Ligue Europa Ipswich Town Oui
9%
Ligue Allemande Holstein Kiel Oui
6%
Serie A AS Casale Oui
3%
Aucun quiz correspondant
Distribution des résultats
% des personnes avec chaque résultat
Percentile par nombre de réponses
Votre historique - résultats
Vous n’avez pas pris ce quiz